00872cam a2200289 i 450000100090000000300040000900500170001300800410003001000170007102000180008804000230010604200150012904300120014405000270015608200180018310000320020124500410023326400470027430000600032133600260038133700280040733800270043550000200046260000230048265000410050565100360054623335131OSt20241108123448.0230928s2023 ke a 001 0aeng  a 2023322585 a9789966659095 aDLCbengcDLCerda alcodeapcc af-ke---00aHQ1236.5.K4bM844 2023 a920bMUG 20231 aMugo, Beth,d1939-eauthor.10aEarly bird :ba memoir /cBeth Mugo. 1aNairobi :bKenya Literature Bureau,c2023. axxxii, 608 pages :billustrations (some color) ;c23 cm atextbtxt2rdacontent aunmediatedbn2rdamedia avolumebnc2rdacarrier aIncludes index.10aMugo, Beth,d1939- 0aWomen politicianszKenyavBiography. 0aKenyaxPolitics and government.